Antropología aplicada: del recurso utilitario al compromiso para la transformación

La antropología aplicada no solo ha sido la hermana menor de la Gran Antropología (Académica), sino que por mucho tiempo ha sido considerada cual ronin, el samurai descastado: en un momento tuvo su lugar de privilegio y fue ejercida por los referentes más destacados de la disciplina, pero luego, por...

Descripción completa

Detalles Bibliográficos
Autor principal: Moya, Marian
Formato: Analitica de revista
Lenguaje:español
Publicado: Buenos Aires, Argentina: UNSAM.
Materias:
Acceso en línea:Sólo disponible en línea.

MARC

LEADER 00000nab a2200000 a 4500
001 034111
003 UAHC_CL
005 20190731064400.0
008 031122n ar f 000 spa
999 |c 51034  |d 51034 
040 |a UAHC_CL  |c UAHC_CL  |d UAHC_CL 
100 |a Moya, Marian  |9 4562 
245 1 0 |a Antropología aplicada:   |b del recurso utilitario al compromiso para la transformación  |c Marian Moya. 
260 |a Buenos Aires, Argentina:  |b UNSAM. 
300 |a p. 13-24 
500 |a En: Revista Etnografías contemporáneas 1 (1), pp.13-24. Sitio visitado (http://www.unsam.edu.ar/revistasacademicas/index.php/etnocontemp/article/view/22/14) el 23 de Agosto de 2018. 
520 |a La antropología aplicada no solo ha sido la hermana menor de la Gran Antropología (Académica), sino que por mucho tiempo ha sido considerada cual ronin, el samurai descastado: en un momento tuvo su lugar de privilegio y fue ejercida por los referentes más destacados de la disciplina, pero luego, por errores cometidos por esos mismos referentes, la antropología aplicada perdió su reconocimiento y quedó diluida y marginada de los espacios hegemónicos de la disciplina. En las clases de la universidad poco o nada nos relatan acerca de estos serios resbalones en los que incurrieron varios de nuestros ancestros académicos. Como en todas las familias, los grandes pecados quedan silenciados. 
526 |a Antropología aplicada I.  
650 0 |a Epistemología  |9 438 
650 0 |a Antropología aplicada  |9 4545 
650 0 |a Antropología cultural y social  |9 429 
653 |a Antropología práctica 
856 |u http://www.unsam.edu.ar/revistasacademicas/index.php/etnocontemp/article/view/22/14  |y Sólo disponible en línea. 
942 |c REVA